Country Quiz: Tunisia 🇹🇳 - Statistics

General Stats
  • This quiz has been taken 49 times
  • The average score is 19 of 23
Answer Stats
Hint Answer % Correct
Language Arabic
100%
Main Religion Islam
100%
Capital Tunis
100%
Time zones 1 (UTC+1)
97%
Nationality Tunisian
97%
Bordering countries Algeria
95%
Libya
95%
Bordering Seas Mediterranean sea
95%
Second-Largest City Sfax
92%
Between 2010-2012, Tunisia was one of many Arab countries involved in this historical uprising where citizens of several Arab countries revolted against their dictators Arab Spring
89%
This Tunisian city, founded by Phoenician settlers in the 9th century, became a prominent trading empire in the ancient world Carthage
89%
Currency Dinar
89%
Between 1883-1950s, this country ruled Tunisia France
89%
The century when Arabs conquered the territory of present-day Tunisia 6th
86%
Most Famous Leader (1987-2011) Zayn al-Abidin Ben Ali
86%
Between 1574-1883, this empire ruled Tunisia Ottoman empire
78%
Independence 1956
76%
Between 2019-2022, Tunisia had the honor of being the third most _______ country on the continent Visited
76%
State-Condition Republic (parliamentary / unitary)
65%
Leader who in 2021 (still in power by the way) who changed Tunisia's parliamentary rule to presidential Kais Saied
62%
Founding Father Habib Bourguiba
57%
Climate Mixed
54%
Main Economic Sector Tertiary / Service
30%
No matching quizzes found
Score Distribution
Percent of People with Each Score
Percentile by Number Answered
Your Score History
You have not taken this quiz